000 00550nam a2200193Ii 4500
003 JO-AjNU
008 230606s9999||||xx |||||||||||||| ||und||
020 _a9798-598-321-485
040 _aJO-AjNU
_beng
_erda
_cJO-AjNU
041 _aeng
050 1 4 _aQA76.9 2022
100 3 _aGrid,Alan,
_eauthor
_96655
245 0 0 _aComputer Programming for Beginners and Cybersecurity
300 _a559p
336 _atext
_btxt
_2rdacontent
337 _aunmediated
_bn
_2rdamedia
338 _avolume
_bnc
_2rdacarrier
650 4 _acomputer programming
_96656
999 _aE3454
_c3448
_d3448